[Event "Open Mediterranean 2017"]
[Site "Rijeka CRO"]
[Date "2009.12.05"]
[Round "9.19"]
[White "Doric, Nenad"]
[Black "Thingstad, Even"]
[Result "1-0"]
[WhiteElo "2344"]
[BlackElo "2139"]
[PlyCount "47"]
[EventDate "2009.11.28"]
[EventType "swiss"]
[EventRounds "9"]
[EventCountry "CRO"]
[Source "lmi"]
[SourceDate "2009.11.28"]

1. e4 c6 2. c4 d5 3. exd5 cxd5 4. cxd5 Nf6 5. Nc3 Nxd5 6. Nf3 Nc6 7. Bc4 Ndb4
8. O-O Bf5 9. Qb3 e6 10. d3 Be7 11. a3 Bxd3 12. Bxd3 Nxd3 13. Qxb7 Qc8 14. Qb5
Nxc1 15. Raxc1 Rb8 16. Qa4 Rb6 17. Nb5 O-O 18. Nbd4 Nxd4 19. Rxc8 Nxf3+ 20.
gxf3 Rxc8 21. Qd7 Rcb8 22. Qxe7 Rxb2 23. Rd1 h6 24. Rd8+ 1-0

[Event "Open Mediterranean 2017"]
[Site "Rijeka CRO"]
[Date "2009.12.05"]
[Round "9.20"]
[White "Tjolsen, Katrine"]
[Black "Fucak, Emilijo"]
[Result "1-0"]
[WhiteElo "2194"]
[BlackElo "2291"]
[PlyCount "83"]
[EventDate "2009.11.28"]
[EventType "swiss"]
[EventRounds "9"]
[EventCountry "CRO"]
[Source "lmi"]
[SourceDate "2009.11.28"]

1. c4 e6 2. Nc3 d5 3. d4 Nf6 4. cxd5 exd5 5. Bg5 c6 6. Qc2 Nbd7 7. e3 h6 8. Bh4
g5 9. Bg3 Nh5 10. Bd3 Nxg3 11. hxg3 Bg7 12. O-O-O Nf6 13. Nf3 Bg4 14. Rd2 Bxf3
15. gxf3 Qa5 16. Bf5 Ng8 17. e4 dxe4 18. fxe4 Ne7 19. e5 Rd8 20. f4 b5 21. Kb1
b4 22. Ne2 b3 23. axb3 Nxf5 24. Qxc6+ Rd7 25. Nc3 Qb6 26. Qa4 Ke7 27. d5 Rb8
28. d6+ Kd8 29. Qe4 Qxb3 30. Qxf5 Qxc3 31. Rc2 Qf3 32. Rhc1 Qd5 33. Qh7 Bf8 34.
Qh8 Ke8 35. Qh7 gxf4 36. gxf4 a5 37. Ka1 a4 38. Rc8+ Rd8 39. Rxd8+ Kxd8 40. Qc2
Qb5 41. Qc7+ Ke8 42. Qc3 1-0

[Event "Open Mediterranean 2017"]
[Site "Rijeka CRO"]
[Date "2009.12.05"]
[Round "9.21"]
[White "Ciganovic, Nikola"]
[Black "Mikalsen, Erlend"]
[Result "1-0"]
[WhiteElo "2276"]
[BlackElo "1936"]
[PlyCount "120"]
[EventDate "2009.11.28"]
[EventType "swiss"]
[EventRounds "9"]
[EventCountry "CRO"]
[Source "lmi"]
[SourceDate "2009.11.28"]

1. e4 c5 2. Nf3 d6 3. d4 cxd4 4. Nxd4 Nf6 5. Nc3 g6 6. Be3 Bg7 7. f3 O-O 8. Qd2
Nc6 9. O-O-O d5 10. exd5 Nxd5 11. Nxc6 bxc6 12. Bd4 e5 13. Bc5 Be6 14. Ne4 Re8
15. h4 h6 16. h5 g5 17. c4 Qc7 18. Nxg5 hxg5 19. Qxg5 f6 20. Qd2 Nb6 21. b3
Rad8 22. Qc2 Rxd1+ 23. Kxd1 Rd8+ 24. Ke1 Qd7 25. h6 Bf5 26. Qc1 Bf8 27. Bxf8
Rxf8 28. Rh4 Kh7 29. g4 Bg6 30. g5 fxg5 31. Qxg5 Rf5 32. Qg3 Nc8 33. Bh3 Ne7
34. Re4 Qd3 35. Bxf5 Nxf5 36. Qxe5 Qxf3 37. Qc7+ Kxh6 38. Qf4+ Qxf4 39. Rxf4
Kg5 40. Re4 Kf6 41. b4 Nd6 42. Rh4 Ke5 43. c5 Nb5 44. Kd2 Be4 45. Ke3 Bd5 46.
a4 Nc3 47. Rh5+ Ke6 48. Kd4 Nxa4 49. Rh6+ Ke7 50. b5 Kd7 51. Rh7+ Kc8 52. Rxa7
Nb2 53. b6 Nc4 54. Kc3 Kb8 55. Rh7 Kc8 56. Kb4 Ne5 57. Ka5 Bc4 58. b7+ Kb8 59.
Kb6 Nf7 60. Rh1 Bb5 1-0

[Event "Open Mediterranean 2017"]
[Site "Rijeka CRO"]
[Date "2009.12.05"]
[Round "9.22"]
[White "Nilsen, Joachim Birger"]
[Black "Stojanovic, Andjelija"]
[Result "1/2-1/2"]
[WhiteElo "2126"]
[BlackElo "2329"]
[PlyCount "72"]
[EventDate "2009.11.28"]
[EventType "swiss"]
[EventRounds "9"]
[EventCountry "CRO"]
[Source "lmi"]
[SourceDate "2009.11.28"]

1. d4 d6 2. Nf3 g6 3. c4 Bg7 4. Nc3 Nd7 5. e4 e5 6. Be2 Ne7 7. O-O O-O 8. d5 h6
9. b4 f5 10. Nd2 a5 11. bxa5 Nc5 12. a4 fxe4 13. Ndxe4 Nxe4 14. Nxe4 Nf5 15.
Rb1 Nd4 16. Bg4 Rxa5 17. Bxc8 Qxc8 18. Bd2 Ra7 19. a5 g5 20. Bc3 g4 21. Ng3 Bf6
22. Bxd4 exd4 23. Qd2 Bg5 24. Qxd4 Rxa5 25. Nh5 Rf7 26. Rbe1 Ra2 27. Re6 Qf8
28. f4 gxf3 29. gxf3 Bf4 30. Qe4 Rf5 31. Re8 Rg5+ 32. Ng3 Bxg3 33. Rxf8+ Kxf8
34. hxg3 Rxg3+ 35. Kh1 Rh3+ 36. Kg1 Rg3+ 1/2-1/2

[Event "Open Mediterranean 2017"]
[Site "Rijeka CRO"]
[Date "2009.12.05"]
[Round "9.23"]
[White "Brumen, Dinko"]
[Black "Draskovic, Luka"]
[Result "1-0"]
[WhiteElo "2349"]
[BlackElo "2113"]
[PlyCount "163"]
[EventDate "2009.11.28"]
[EventType "swiss"]
[EventRounds "9"]
[EventCountry "CRO"]
[Source "lmi"]
[SourceDate "2009.11.28"]

1. d4 Nf6 2. Nf3 d5 3. c4 c6 4. Nc3 e6 5. cxd5 exd5 6. Bg5 Nbd7 7. e3 Be7 8.
Qc2 O-O 9. Bd3 Re8 10. O-O Nf8 11. Bxf6 Bxf6 12. b4 Be7 13. b5 Bd6 14. bxc6
bxc6 15. Bf5 Bxf5 16. Qxf5 Ng6 17. Ng5 Qe7 18. Rac1 h6 19. Nf3 Rab8 20. Rc2 Rb5
21. Ne2 Rb6 22. Rfc1 Ba3 23. Rd1 Reb8 24. g3 Bd6 25. h4 Qe6 26. Qxe6 fxe6 27.
Nf4 Nf8 28. Nd3 Nd7 29. Kg2 Kf8 30. Nd2 Ke7 31. Nb3 Rc8 32. Re1 Bb4 33. Nxb4
Rxb4 34. e4 Kf7 35. exd5 exd5 36. Rce2 Rd8 37. Re7+ Kf8 38. R7e6 Rb6 39. Rd6
Re8 40. Rc1 Nb8 41. Rc2 Ke7 42. Re2+ Kxd6 43. Rxe8 Na6 44. f4 Rb7 45. Kf3 Rd7
46. f5 Kc7 47. g4 Rd8 48. Re2 Kb6 49. Re7 Rg8 50. g5 hxg5 51. hxg5 c5 52. dxc5+
Nxc5 53. Nxc5 Kxc5 54. Rxa7 Kc4 55. Kf4 Kc3 56. Ke5 d4 57. Ra3+ Kc4 58. Ra7
Re8+ 59. Kf4 Rg8 60. Rd7 Kc3 61. Kg4 d3 62. Kh5 d2 63. Kg6 Rf8 64. a4 Ra8 65.
Kxg7 Ra7 66. Rxa7 d1=Q 67. Rc7+ Kb4 68. f6 Qd6 69. Rb7+ Kxa4 70. g6 Qd4 71. Rf7
Kb5 72. Kg8 Kc6 73. Rf8 Qg4 74. g7 Kd7 75. f7 Qe6 76. Ra8 Qc4 77. Ra7+ Kd6 78.
Ra6+ Ke7 79. Kh7 Qd3+ 80. Rg6 Qh3+ 81. Rh6 Qf5+ 82. Kh8 1-0

[Event "Open Mediterranean 2017"]
[Site "Rijeka CRO"]
[Date "2009.12.05"]
[Round "9.24"]
[White "Staberhofer, Rainer"]
[Black "Plenca, Julijan"]
[Result "0-1"]
[WhiteElo "2170"]
[BlackElo "2317"]
[PlyCount "92"]
[EventDate "2009.11.28"]
[EventType "swiss"]
[EventRounds "9"]
[EventCountry "CRO"]
[Source "lmi"]
[SourceDate "2009.11.28"]

1. d4 Nf6 2. Nf3 c5 3. c3 d5 4. Bf4 Nc6 5. e3 Qb6 6. Qc1 Bf5 7. Nbd2 Rc8 8. Nh4
Bd7 9. Qb1 Nh5 10. Bg3 Nxg3 11. hxg3 g6 12. dxc5 Qxc5 13. Be2 Bg7 14. O-O O-O
15. Nhf3 e5 16. e4 dxe4 17. Nxe4 Qe7 18. Qd1 Rcd8 19. Qd6 Bf5 20. Qxe7 Nxe7 21.
Nc5 e4 22. Nd4 Bxd4 23. cxd4 Rxd4 24. Nxb7 Rd2 25. Bc4 Rb8 26. Ba6 Bc8 27. Nc5
Bxa6 28. Nxa6 Rbxb2 29. Nc5 e3 30. Ne4 Rdc2 31. Rac1 exf2+ 32. Nxf2 Rxa2 33.
Rxc2 Rxc2 34. Ng4 Nf5 35. Ra1 h5 36. Nf6+ Kg7 37. Nd5 Rc5 38. Nf4 a5 39. Kh2
Ne3 40. Ra2 Ng4+ 41. Kh3 Rc1 42. Kh4 Rh1+ 43. Nh3 Ne3 44. Kg5 Rf1 45. Nf4 f6+
46. Kh4 Nf5+ 0-1

[Event "Open Mediterranean 2017"]
[Site "Rijeka CRO"]
[Date "2009.12.05"]
[Round "9.25"]
[White "Agaragimov, Djakhangir"]
[Black "Bjelicic, Jan"]
[Result "1-0"]
[WhiteElo "2294"]
[BlackElo "2087"]
[PlyCount "69"]
[EventDate "2009.11.28"]
[EventType "swiss"]
[EventRounds "9"]
[EventCountry "CRO"]
[Source "lmi"]
[SourceDate "2009.11.28"]

1. d4 Nf6 2. Nf3 e6 3. c4 d5 4. g3 Be7 5. Bg2 O-O 6. O-O Nbd7 7. Qc2 c6 8. Nbd2
b6 9. Rd1 Bb7 10. e4 Nxe4 11. Nxe4 dxe4 12. Qxe4 Qc7 13. Qc2 Rfd8 14. Bf4 Bd6
15. Bxd6 Qxd6 16. c5 Qe7 17. b4 Nf6 18. Ne5 Nd5 19. Qb3 Rac8 20. Nc4 Ba8 21. a3
b5 22. Nd6 Rxd6 23. cxd6 Qxd6 24. Rac1 Nb6 25. Rc2 Nc4 26. Bf1 c5 27. Bxc4 bxc4
28. Qxc4 Bd5 29. dxc5 Qe5 30. Qc3 Qh5 31. Rd4 g5 32. f4 Bc6 33. Rcd2 f6 34. Qd3
Kg7 35. Rd7+ 1-0

[Event "Open Mediterranean 2017"]
[Site "Rijeka CRO"]
[Date "2009.12.05"]
[Round "9.27"]
[White "Franciskovic, Vinko"]
[Black "Skrbin, Kresimir"]
[Result "0-1"]
[WhiteElo "2108"]
[BlackElo "2215"]
[PlyCount "42"]
[EventDate "2009.11.28"]
[EventType "swiss"]
[EventRounds "9"]
[EventCountry "CRO"]
[Source "lmi"]
[SourceDate "2009.11.28"]

1. e4 c6 2. d4 d5 3. exd5 cxd5 4. c4 Nf6 5. Nc3 g6 6. Bf4 Bg7 7. c5 O-O 8. Be2
b6 9. b4 Ne4 10. Nb5 bxc5 11. bxc5 a6 12. Nc7 e5 13. Nxa8 exf4 14. Kf1 Nc6 15.
f3 Ng5 16. Qa4 Nxd4 17. Rd1 Bd7 18. Qb4 Nge6 19. Nb6 Nc2 20. Qd2 Ne3+ 21. Ke1
Qh4+ 0-1

[Event "Open Mediterranean 2017"]
[Site "Rijeka CRO"]
[Date "2009.12.05"]
[Round "9.29"]
[White "Klobucar, Dean"]
[Black "Dubrovic, Mihovil"]
[Result "0-1"]
[WhiteElo "2174"]
[BlackElo "1811"]
[PlyCount "76"]
[EventDate "2009.11.28"]
[EventType "swiss"]
[EventRounds "9"]
[EventCountry "CRO"]
[Source "lmi"]
[SourceDate "2009.11.28"]

1. e4 e5 2. Nf3 Nc6 3. Bb5 Nge7 4. Nc3 Ng6 5. d4 exd4 6. Nxd4 Bc5 7. Be3 Nh4 8.
Nxc6 Nxg2+ 9. Ke2 Nxe3 10. Nxd8 Nxd1 11. Raxd1 Kxd8 12. Rhg1 g6 13. Bc4 d6 14.
Rg5 Bb6 15. e5 h6 16. Rg3 Re8 17. f4 Be6 18. Bb5 Bd7 19. Bxd7 Kxd7 20. Nd5 Re6
21. h4 Rd8 22. Rgd3 Kc8 23. Kf3 Kb8 24. Nf6 a6 25. c4 a5 26. Kg4 Bc5 27. Rd5
Kc8 28. h5 Rf8 29. Ne4 f5+ 30. exf6 Rxe4 31. hxg6 Rxf6 32. Kh5 Re8 33. Kxh6
Rxf4 34. g7 Rg4 35. Rf1 Be3+ 36. Kh7 Re7 37. Rf8+ Kd7 38. Rg8 Bd4 0-1

[Event "Open Mediterranean 2017"]
[Site "Rijeka CRO"]
[Date "2009.12.05"]
[Round "9.30"]
[White "Diermair, Andreas"]
[Black "Brenc, Tomislav"]
[Result "1-0"]
[WhiteElo "2341"]
[BlackElo "2075"]
[PlyCount "77"]
[EventDate "2009.11.28"]
[EventType "swiss"]
[EventRounds "9"]
[EventCountry "CRO"]
[Source "lmi"]
[SourceDate "2009.11.28"]

1. Nf3 Nc6 2. e4 g6 3. d4 d6 4. d5 Ne5 5. Nxe5 dxe5 6. c4 Nf6 7. Nc3 Bg7 8. Be2
O-O 9. O-O e6 10. Be3 exd5 11. cxd5 a6 12. Rc1 Ne8 13. f3 Nd6 14. Na4 Bd7 15.
Nc5 Bb5 16. a4 Bxe2 17. Qxe2 Bf6 18. Rc3 Bg5 19. Bf2 Qc8 20. Qc2 Bd8 21. Be3
Re8 22. Rc1 b6 23. Nb3 Qd7 24. Rc6 a5 25. Nd2 f6 26. h3 Rb8 27. Nc4 Be7 28. Na3
Bd8 29. Qd3 Rc8 30. Nb5 Nxb5 31. Qxb5 Be7 32. Rxb6 Qd8 33. Rb7 Bb4 34. Rcxc7
Rxc7 35. Rxc7 Qxc7 36. Qxe8+ Kg7 37. Qc6 Qe7 38. Bb6 f5 39. Qc7 1-0

[Event "Open Mediterranean 2017"]
[Site "Rijeka CRO"]
[Date "2009.12.05"]
[Round "9.33"]
[White "Krkljes, Slaven"]
[Black "Peric, Davor"]
[Result "1-0"]
[WhiteElo "2187"]
[BlackElo "1940"]
[PlyCount "97"]
[EventDate "2009.11.28"]
[EventType "swiss"]
[EventRounds "9"]
[EventCountry "CRO"]
[Source "lmi"]
[SourceDate "2009.11.28"]

1. e4 e5 2. Nf3 Nf6 3. Nc3 Nc6 4. Bb5 Bb4 5. O-O O-O 6. Nd5 Bc5 7. d3 Nxd5 8.
exd5 Nd4 9. Bc4 Nxf3+ 10. Qxf3 d6 11. Be3 Bb6 12. Qg3 Bxe3 13. Qxe3 Bd7 14. f4
exf4 15. Qxf4 f5 16. h4 Qf6 17. d4 Rae8 18. Bd3 g6 19. c3 Qg7 20. Rf3 Qe7 21.
Kf2 Kg7 22. Rh1 Rf6 23. h5 Rh8 24. Rg3 h6 25. hxg6 Rxg6 26. Rxg6+ Kxg6 27. g4
Qg5 28. Kf3 Kf6 29. Qxg5+ Kxg5 30. Rh5+ Kf6 31. Bxf5 Bxf5 32. Rxf5+ Kg6 33. Rf4
Re8 34. Re4 Rxe4 35. Kxe4 Kg5 36. Kf3 h5 37. gxh5 Kxh5 38. Kf4 Kg6 39. c4 b6
40. b3 a6 41. Ke4 Kg5 42. a4 a5 43. c5 Kg4 44. Kd3 Kf3 45. Kc4 Ke4 46. c6 Ke3
47. Kb5 Kxd4 48. Ka6 Kxd5 49. Kb7 1-0

[Event "Open Mediterranean 2017"]
[Site "Rijeka CRO"]
[Date "2009.12.05"]
[Round "9.35"]
[White "Padjen, Zdenko"]
[Black "Gandrud, Vegar Koi"]
[Result "0-1"]
[WhiteElo "2082"]
[BlackElo "2143"]
[PlyCount "76"]
[EventDate "2009.11.28"]
[EventType "swiss"]
[EventRounds "9"]
[EventCountry "CRO"]
[Source "lmi"]
[SourceDate "2009.11.28"]

1. e4 d5 2. exd5 Nf6 3. d4 Nxd5 4. Be2 Bf5 5. c3 e6 6. f4 Bd6 7. g3 c6 8. Nf3
Nd7 9. O-O O-O 10. a3 c5 11. c4 N5f6 12. Kg2 cxd4 13. Nxd4 Be4+ 14. Bf3 Bc5 15.
Nc3 Bxf3+ 16. Nxf3 Nb6 17. Qe2 Qc7 18. b4 Be7 19. Ne5 a6 20. c5 Nbd5 21. Nxd5
Nxd5 22. Bb2 a5 23. Qe4 f5 24. Qd4 Rfd8 25. Nd7 Bf6 26. Nxf6+ Nxf6 27. Qc4 Qc6+
28. Kg1 Rd2 29. Rf2 Rxf2 30. Kxf2 Ne4+ 31. Ke3 Rd8 32. Bd4 Ng5 33. fxg5 Qe4+
34. Kf2 Rxd4 35. Qe2 Qd5 36. Kg1 Rd2 37. Qf1 Qd4+ 38. Kh1 Rf2 0-1

[Event "Open Mediterranean 2017"]
[Site "Rijeka CRO"]
[Date "2009.12.05"]
[Round "9.38"]
[White "Orenda, Omar"]
[Black "Gradiser, Dragoljub"]
[Result "1-0"]
[WhiteElo "2132"]
[BlackElo "1964"]
[PlyCount "91"]
[EventDate "2009.11.28"]
[EventType "swiss"]
[EventRounds "9"]
[EventCountry "CRO"]
[Source "lmi"]
[SourceDate "2009.11.28"]

1. d4 Nf6 2. c4 g6 3. Nc3 Bg7 4. e4 d6 5. f4 c6 6. Be2 O-O 7. Nf3 Bg4 8. O-O
Nbd7 9. Be3 Bxf3 10. Bxf3 e5 11. Qd2 exf4 12. Bxf4 Nb6 13. b3 Ne8 14. Rad1 Nc7
15. Ne2 Qe7 16. Rfe1 Ne6 17. Be3 f5 18. exf5 Rxf5 19. Bg4 Rf6 20. d5 cxd5 21.
cxd5 Nc5 22. Bg5 Ne4 23. Qe3 Re8 24. Be6+ Rxe6 25. Bxe7 R6xe7 26. Qc1 Bf6 27.
Ng3 Nc3 28. Rxe7 Rxe7 29. Re1 Be5 30. Rxe5 Rxe5 31. Qxc3 Rxd5 32. Ne4 Rd1+ 33.
Kf2 d5 34. Nf6+ Kf7 35. Nxh7 Ke6 36. Qf6+ Kd7 37. Nf8+ Kc7 38. Qc3+ Kd6 39.
Nxg6 d4 40. Qb4+ Kd5 41. Qb5+ Ke6 42. Qe5+ Kd7 43. Nf8+ Kc6 44. Qe6+ Kc5 45.
Nd7+ Nxd7 46. b4+ 1-0

[Event "Open Mediterranean 2017"]
[Site "Rijeka CRO"]
[Date "2009.12.05"]
[Round "9.39"]
[White "Nastic, Milorad"]
[Black "Pejic, Irving"]
[Result "1/2-1/2"]
[WhiteElo "2012"]
[BlackElo "2132"]
[PlyCount "143"]
[EventDate "2009.11.28"]
[EventType "swiss"]
[EventRounds "9"]
[EventCountry "CRO"]
[Source "lmi"]
[SourceDate "2009.11.28"]

1. e4 c6 2. d4 d5 3. Nc3 dxe4 4. Nxe4 Bf5 5. Ng3 Bg6 6. Nf3 Nd7 7. Bc4 e6 8.
O-O Bd6 9. Re1 Qc7 10. c3 Ngf6 11. Bg5 O-O 12. Qe2 c5 13. Rad1 h6 14. Be3 a6
15. dxc5 Nxc5 16. Bd4 b5 17. Bb3 Nxb3 18. axb3 Nd5 19. Be5 Rfd8 20. b4 Rac8 21.
Bxd6 Rxd6 22. Ne4 Bxe4 23. Qxe4 Rcd8 24. Rd4 Nb6 25. Qe5 Nc4 26. Qe2 Rxd4 27.
Nxd4 Nb6 28. g3 Qd6 29. Nb3 Nc4 30. Na5 Qd2 31. Nb7 Rd5 32. Kf1 Qxb2 33. Qxb2
Nxb2 34. Nc5 Nd3 35. Nxd3 Rxd3 36. Rc1 Rd6 37. c4 bxc4 38. Rxc4 Rb6 39. Ke2 Kf8
40. Kd3 Rd6+ 41. Kc3 Rd5 42. Rc8+ Ke7 43. Ra8 Rd6 44. h4 e5 45. h5 Kf6 46. Rf8
e4 47. Re8 Kf5 48. Re7 Rf6 49. Kd4 Kg5 50. Re5+ Kg4 51. Ke3 Rf3+ 52. Ke2 f5 53.
Re7 Kxh5 54. Rxg7 Rb3 55. Ra7 Rxb4 56. Rxa6 Rb2+ 57. Ke3 Rb3+ 58. Ke2 Kg5 59.
Ra8 Rb6 60. Rg8+ Rg6 61. Rf8 Kg4 62. Ke3 h5 63. Rh8 Kg5 64. f3 exf3 65. Kxf3
Rg7 66. Rf8 Rh7 67. Rg8+ Kf6 68. Kf4 h4 69. Rg5 h3 70. Rxf5+ Ke6 71. Re5+ Kf6
72. Re1 1/2-1/2

[Event "Open Mediterranean 2017"]
[Site "Rijeka CRO"]
[Date "2009.12.05"]
[Round "9.40"]
[White "Broekman, Willem"]
[Black "Dubrovic, Gabriel"]
[Result "0-1"]
[WhiteElo "2129"]
[BlackElo "1627"]
[PlyCount "88"]
[EventDate "2009.11.28"]
[EventType "swiss"]
[EventRounds "9"]
[EventCountry "CRO"]
[Source "lmi"]
[SourceDate "2009.11.28"]

1. d4 d5 2. c4 e6 3. cxd5 exd5 4. Nc3 c6 5. Nf3 Bf5 6. Bg5 Be7 7. Bxe7 Nxe7 8.
e3 Nd7 9. Nh4 Nf6 10. Nxf5 Nxf5 11. Bd3 Nd6 12. Qc2 Qe7 13. O-O O-O 14. b4 Rfc8
15. Rab1 Nde4 16. Rfc1 g6 17. Na4 b5 18. Nc5 Nxc5 19. Qxc5 Qxc5 20. Rxc5 Nd7
21. Rc3 Nb6 22. Rbc1 Nc4 23. a4 a6 24. e4 Kf8 25. e5 Rd8 26. a5 Ke7 27. Be2 f6
28. Rh3 fxe5 29. Rxh7+ Kd6 30. dxe5+ Nxe5 31. f4 Nc4 32. Rh6 Rg8 33. Bd3 Raf8
34. Bxg6 Rf6 35. f5 Ne5 36. Bh7 Rxg2+ 37. Kxg2 Rxh6 38. Bg8 Ng4 39. Re1 Ne5 40.
Kg3 Rxh2 41. f6 Rh6 42. f7 Rf6 43. Rh1 Nxf7 44. Bxf7 Rxf7 0-1

[Event "Open Mediterranean 2017"]
[Site "Rijeka CRO"]
[Date "2009.12.05"]
[Round "9.41"]
[White "Jerkovic, Maroje"]
[Black "Heifez, Eugen"]
[Result "1/2-1/2"]
[WhiteElo "1726"]
[BlackElo "2245"]
[PlyCount "110"]
[EventDate "2009.11.28"]
[EventType "swiss"]
[EventRounds "9"]
[EventCountry "CRO"]
[Source "lmi"]
[SourceDate "2009.11.28"]

1. e4 d6 2. d4 Nf6 3. Nc3 c6 4. Bg5 Qa5 5. Qd2 Nbd7 6. f4 b5 7. Bd3 Ba6 8. a3
b4 9. Na2 Bxd3 10. cxd3 Rb8 11. axb4 Qb6 12. Qc3 e5 13. Nf3 exd4 14. Nxd4 c5
15. Nc2 Ng4 16. Bh4 d5 17. bxc5 Nxc5 18. h3 dxe4 19. O-O-O Nxd3+ 20. Rxd3 exd3
21. Re1+ Kd7 22. Qxd3+ Bd6 23. hxg4 Qxb2+ 24. Kd2 Qxa2 25. Re7+ Kc6 26. Qc3+
Bc5 27. Re5 Rhd8+ 28. Bxd8 Rxd8+ 29. Ke2 Rd5 30. Kf3 Rxe5 31. Nb4+ Kb5 32. Nxa2
Re3+ 33. Qxe3 Bxe3 34. Kxe3 Ka4 35. Kd4 Ka3 36. Nc3 a5 37. g5 h5 38. gxh6 gxh6
39. f5 h5 40. g3 Kb4 41. Na2+ Ka3 42. Nc3 Kb4 43. Nb1 a4 44. Ke5 Kb3 45. Kf6
Kb2 46. Nd2 Kc3 47. Nb1+ Kb2 48. Na3 Kxa3 49. Kxf7 Kb3 50. Kg6 a3 51. f6 a2 52.
f7 a1=Q 53. f8=Q Qe5 54. Qf3+ Ka2 55. Qxh5 Qxg3+ 1/2-1/2

[Event "Open Mediterranean 2017"]
[Site "Rijeka CRO"]
[Date "2009.12.05"]
[Round "9.42"]
[White "Logar, Metod"]
[Black "Mateljak, Goran"]
[Result "1-0"]
[WhiteElo "2071"]
[BlackElo "1936"]
[PlyCount "57"]
[EventDate "2009.11.28"]
[EventType "swiss"]
[EventRounds "9"]
[EventCountry "CRO"]
[Source "lmi"]
[SourceDate "2009.11.28"]

1. e4 c5 2. Nf3 d6 3. d4 cxd4 4. Nxd4 Nf6 5. Nc3 a6 6. Bg5 e6 7. f4 Be7 8. Qf3
Nbd7 9. O-O-O Qc7 10. Bd3 Rb8 11. Rhe1 b5 12. e5 dxe5 13. fxe5 Bb7 14. Qg3 Ng8
15. Bxb5 axb5 16. Ndxb5 Qc5 17. Bxe7 Nxe7 18. Qxg7 Rg8 19. Nd6+ Kd8 20. Qxf7
Bc6 21. Rd3 Rxg2 22. Kb1 Rxb2+ 23. Kxb2 Qb4+ 24. Ka1 Rxc2 25. Rb1 Qa5 26. Qe8+
Kc7 27. Ndb5+ Bxb5 28. Rxd7+ Bxd7 29. Qb8+ 1-0

[Event "Open Mediterranean 2017"]
[Site "Rijeka CRO"]
[Date "2009.12.05"]
[Round "9.43"]
[White "Muskardin, Mario"]
[Black "Beljan, Mladen"]
[Result "1-0"]
[WhiteElo "2067"]
[BlackElo "1908"]
[PlyCount "33"]
[EventDate "2009.11.28"]
[EventType "swiss"]
[EventRounds "9"]
[EventCountry "CRO"]
[Source "lmi"]
[SourceDate "2009.11.28"]

1. e4 e5 2. Nf3 Nc6 3. d4 exd4 4. Bc4 Be7 5. c3 d6 6. cxd4 Bg4 7. Qb3 Na5 8.
Bxf7+ Kf8 9. Qc3 Kxf7 10. Qxa5 c6 11. Qc3 d5 12. Ne5+ Ke6 13. Nxg4 a5 14. O-O
h5 15. Ne5 g5 16. Qh3+ g4 17. Nxg4 1-0

[Event "Open Mediterranean 2017"]
[Site "Rijeka CRO"]
[Date "2009.12.05"]
[Round "9.45"]
[White "Grguric, Daria"]
[Black "Steinhart, Christoph"]
[Result "0-1"]
[WhiteElo "1884"]
[BlackElo "2045"]
[PlyCount "124"]
[EventDate "2009.11.28"]
[EventType "swiss"]
[EventRounds "9"]
[EventCountry "CRO"]
[Source "lmi"]
[SourceDate "2009.11.28"]

1. d4 Nf6 2. Nf3 e6 3. e3 b6 4. Bd3 Bb7 5. Nbd2 d5 6. Ne5 Bd6 7. b3 O-O 8. Bb2
Ne4 9. O-O f6 10. Bxe4 fxe5 11. dxe5 dxe4 12. exd6 cxd6 13. Qg4 Qe7 14. Nxe4 h5
15. Qg6 Rf5 16. Nf6+ Rxf6 17. Bxf6 Qxf6 18. Qe8+ Kh7 19. Qxh5+ Kg8 20. Qe8+ Kh7
21. Qh5+ Qh6 22. Qxh6+ Kxh6 23. Rad1 d5 24. f4 Nd7 25. g4 Rc8 26. c4 Nc5 27.
cxd5 exd5 28. h4 Re8 29. Rfe1 a5 30. Rd4 Ne6 31. Rdd1 Nc5 32. Rd4 Kg6 33. f5+
Kf6 34. b4 axb4 35. Rxb4 Nd7 36. a4 Ba6 37. e4 Bd3 38. g5+ Kf7 39. a5 b5 40. a6
dxe4 41. a7 Nc5 42. Ra1 Ra8 43. Kf2 Na4 44. Raxa4 bxa4 45. Rxa4 Bb5 46. Rxe4
Rxa7 47. h5 Ra3 48. f6 gxf6 49. gxf6 Kxf6 50. Rb4 Be8 51. Rb6+ Kg5 52. h6 Rh3
53. Rd6 Bg6 54. Rd8 Rxh6 55. Rd5+ Kf4 56. Ra5 Be4 57. Ra3 Rh2+ 58. Ke1 Ke5 59.
Ra5+ Kd4 60. Rg5 Ke3 61. Rg1 Bf3 62. Kf1 Ra2 0-1

[Event "Open Mediterranean 2017"]
[Site "Rijeka CRO"]
[Date "2009.12.05"]
[Round "9.46"]
[White "Thingstad, Anders"]
[Black "Sandalic, Josip"]
[Result "1-0"]
[WhiteElo "1914"]
[BlackElo "1971"]
[PlyCount "74"]
[EventDate "2009.11.28"]
[EventType "swiss"]
[EventRounds "9"]
[EventCountry "CRO"]
[Source "lmi"]
[SourceDate "2009.11.28"]

1. d4 c6 2. c4 e6 3. Nf3 d5 4. Nc3 Nf6 5. e3 a6 6. Be2 Bd6 7. O-O Nbd7 8. b3 b6
9. Bb2 Bb7 10. Qc2 c5 11. cxd5 exd5 12. Rfd1 Rc8 13. Rac1 Qe7 14. Nd2 O-O 15.
Bf3 cxd4 16. exd4 Rfe8 17. Qf5 Ba3 18. Bxa3 Qxa3 19. Ndb1 Qd6 20. Nd2 b5 21.
Nf1 b4 22. Ne2 Nf8 23. Ne3 Ng6 24. g3 Rcd8 25. Qd3 Ne7 26. Rc2 Rc8 27. Rdc1
Rxc2 28. Rxc2 a5 29. Rc5 Ba6 30. Qc2 Bxe2 31. Qxe2 Ra8 32. Qb5 Ne4 33. Nxd5
Nxd5 34. Bxe4 Nc3 35. Rxc3 Rb8 36. Qc5 Qe6 37. Re3 Re8 1-0

[Event "Open Mediterranean 2017"]
[Site "Rijeka CRO"]
[Date "2009.12.05"]
[Round "9.47"]
[White "Baljak, Jadranko"]
[Black "Dujic, Marko"]
[Result "0-1"]
[WhiteElo "1960"]
[BlackElo "1735"]
[PlyCount "80"]
[EventDate "2009.11.28"]
[EventType "swiss"]
[EventRounds "9"]
[EventCountry "CRO"]
[Source "lmi"]
[SourceDate "2009.11.28"]

1. d4 d5 2. c4 dxc4 3. e3 e5 4. Bxc4 exd4 5. Qxd4 Qxd4 6. exd4 Nc6 7. Nf3 Nf6
8. O-O Be7 9. Re1 Bg4 10. Be3 O-O-O 11. Nc3 Bxf3 12. gxf3 Nxd4 13. Bxd4 Rxd4
14. Rxe7 Rxc4 15. Rxf7 Nh5 16. Re1 Rf4 17. Ree7 Rxf7 18. Rxf7 Rd8 19. Rf5 g6
20. Re5 Rd2 21. Re2 Rd6 22. Re4 Kd7 23. Kg2 Rd2 24. Rb4 b6 25. Ne4 Rd1 26. Nc3
Re1 27. Re4 Rc1 28. Rd4+ Ke6 29. Ne4 Ke5 30. Rd2 Nf4+ 31. Kg3 Rg1+ 32. Kh4 Kf5
33. Ng3+ Kf6 34. Ne4+ Ke5 35. Ng3 Rg2 36. Rd7 Rxh2+ 37. Kg4 h5+ 38. Kg5 h4 39.
Ne4 h3 40. Rd8 Ne6+ 0-1

[Event "Open Mediterranean 2017"]
[Site "Rijeka CRO"]
[Date "2009.12.05"]
[Round "9.48"]
[White "Gheng, Simona"]
[Black "Krsnik Cohar, Ivan Vihor"]
[Result "1-0"]
[WhiteElo "2017"]
[BlackElo "1732"]
[PlyCount "63"]
[EventDate "2009.11.28"]
[EventType "swiss"]
[EventRounds "9"]
[EventCountry "CRO"]
[Source "lmi"]
[SourceDate "2009.11.28"]

1. e4 d5 2. exd5 Qxd5 3. d4 Nf6 4. Nf3 Bg4 5. Be2 e6 6. O-O Be7 7. c3 O-O 8.
Ne5 Bxe2 9. Qxe2 Nbd7 10. Bg5 Bd6 11. f4 c5 12. Rd1 Rac8 13. c4 Qe4 14. Qxe4
Nxe4 15. Nxd7 Rfe8 16. Nxc5 Nxc5 17. dxc5 Bxc5+ 18. Kf1 f6 19. Bh4 Be3 20. Na3
Bxf4 21. Bf2 Be5 22. Rd2 a6 23. Rad1 f5 24. h3 Bf6 25. b3 Rc6 26. Nc2 Be7 27.
Nd4 Rd6 28. Nxf5 Rxd2 29. Nxe7+ Kh8 30. Rxd2 Rxe7 31. Rd8+ Re8 32. Rxe8# 1-0